| 000 | 00496nam a2200181Ia 4500 | ||
|---|---|---|---|
| 003 | GCL | ||
| 008 | 140319s9999 xx 000 0 eng d | ||
| 040 |
_aGCL / _cGCL |
||
| 082 | 0 | 4 |
_a822.33 _bG M |
| 100 | 1 | _aGRADY, HUGH | |
| 245 | 1 | 0 |
_aTHE MODERNIST SHAKESPEARE: CRITICAL TEXTS IN A MATERIAL WORLD / _cGRADY, HUGH |
| 260 |
_a[S.N] : _bCLARENDON PRESS ، _c1991 |
||
| 300 | _a262 P | ||
| 650 | 0 | 4 | _aCRITICISM |
| 650 | 0 | 4 | _aSHAKESPEARE, WILLIAM |
| 650 | 0 | 4 | _aDRAMA IN ENGLISH |
| 942 |
_2ddc _cBK |
||
| 999 |
_c23870 _d23870 |
||